Na ľade takmer štyridsať hráčov... Košickí hokejisti (HC - už nie VSŽ) v modernejších podmienkach

Bibliographic Details
Main Author: Ďurišin, Ivan, 1933-1996 (Author)
Corporate Author: TJ VSŽ Košice (Author)
Format: Article
Language:Slovak
Subjects:

MARC

LEADER 00000nab a2200000 a 4500
001 vtls000917407
003 SK-MaSNL
005 20260305035331.0
008 040720e19920813xo 0 slo
035 |a KE26286 
040 |a KEVKJB  |b slo  |c KEVKJB  |e AACR2 
041 0 |a slo 
044 |a xo  |c SK 
080 |a 796.966  |2 1981 
100 1 |a Ďurišin, Ivan,  |d 1933-1996  |4 aut  |9 143827 
245 1 0 |a Na ľade takmer štyridsať hráčov...  |b Košickí hokejisti (HC - už nie VSŽ) v modernejších podmienkach 
610 2 7 |a TJ VSŽ Košice (Slovensko)  |2 KEVKJB  |9 270203 
650 0 7 |a hokej  |2 KEVKJB  |9 3232 
650 0 7 |a klub samostatný  |2 KEVKJB  |9 1617811 
650 0 7 |a premenovanie  |2 KEVKJB  |9 879328 
650 0 7 |a štadión  |2 KEVKJB  |9 1617812 
650 0 7 |a prístavba  |2 KEVKJB  |9 878857 
650 0 7 |a zariadenia sociálne  |2 KEVKJB  |9 877440 
650 0 7 |a športovci  |2 KEVKJB  |9 1043 
650 0 7 |a športový tréning  |2 KEVKJB  |9 163263 
650 0 7 |a informácie  |2 KEVKJB  |9 1285 
651 7 |a KE,  |2 KEVKJB  |9 877256 
655 7 |a periodikum  |2 snkbucl  |9 29553 
710 2 |a TJ VSŽ Košice  |4 aut  |9 879686 
773 0 8 |t Pravda  |g Roč. 2, č.190, 13.8.1992, s. 11 
852 |a ZVYKNI  |b KIS3GCP 
999 |c 3333385  |d 3335315